000 00321nam a2200109 a 4500
005 20140408090024.0
008 021121s19uu xx 00 eng d
050 _aPGS '00
_bCRU #33
100 _aCruz, Sunshine Gervasio
245 _aThe Effect of television on the study period of grade 5 students at home.
942 _cPASS
999 _c96311
_d96311